| 000 | 00733nam a2200241 i 4500 | ||
|---|---|---|---|
| 001 | 16506 | ||
| 003 | ES-MaACL | ||
| 005 | 20250715193704.0 | ||
| 007 | t| | ||
| 008 | 001013s1996 sp ||||1| spa d | ||
| 020 | _a84-87524-98-2 | ||
| 080 | _a821.112.2-23"19" | ||
| 100 | 1 |
_aWeiss, Peter. _9116409 |
|
| 245 | 1 | 0 |
_aHölderlin / _cde Peter Weiss ; traducción de Pablo Sorozabal Serrano ; revisión de Alfonso Sastre. |
| 260 |
_aHondarribia : _bHiru, _c[1996] |
||
| 300 |
_a243 p. ; _c20 cm. |
||
| 490 | 1 |
_aTeatro ; _v4 |
|
| 700 | 1 |
_aSorozábal Serrano, Pablo. _9107423 |
|
| 700 | 1 |
_aSastre, Alfonso, _d1926- _9103915 |
|
| 830 | 0 |
_aTeatro ; _v4 _9178026 |
|
| 852 |
_aES-MaACL _jL-23728 _bR.128748 |
||
| 999 |
_c16506 _d16506 |
||